000 01304nam a22003617a 4500
001 0006528
003 KOHA_MİRAKIL
005 20260207001525.0
007 ta
008 090720b2000 tu |||gro|||#1|||0|tur |
020 _a9754929297
_c0,01
040 _aTR-BiSEU
_btur
_cTR-BiSEU
_erda
041 0 _atur
044 _ctu
050 _aHJ191.T8
_bT87 2000
111 2 _aTürkiye Maliye Sampozyumu (14.: 1999: Antalya)
_916106
245 1 _aXIV. Türkiye maliye sempozyumu :
_b"kamu kesimi finansmanında vergi dışı normal gelirler ile özel gelirler ve fonlar", 12-15 Mayıs 1999, Antalya.
264 1 _aEskişehir :
_bAnadolu Üniversitesi
_c2000
300 _a280 sayfa; 27 cm.
336 _ametin
_btxt
_2rdacontent
337 _aaracısız
_bn
_2rdamedia
338 _acilt
_bnc
_2rdacarrier
490 1 _aAnadolu Üniversitesi yayınları ;
_vno.
490 1 _a1176.
490 1 _a İktisadi ve İdari Bilimler Fakültesi yayınları ;
_vno: 165.
650 0 _aFinance, public--Turkey--Congresses.
_916107
650 0 _aFinans, kamu--Türkiye--Kongreler.
_916108
830 1 _aAnadolu Üniversitesi yayınları ;
_vno.
_97107
830 1 _a1176.
_916109
830 1 _a İktisadi ve İdari Bilimler Fakültesi yayınları ;
_vno: 165.
_916110
907 _aSempozyum
942 _2lcc
_cBK
999 _c6509
_d6509